Radiografía industrial: examen no destructivo holográfico
Uloženo v:
| Médium: | Kniha |
|---|---|
| Jazyk: | španělština |
| Vydáno: |
Santiago
Agfa-Gevaert
1970
|
| Témata: | |
| Tagy: |
Přidat tag
Žádné tagy, Buďte první, kdo vytvoří štítek k tomuto záznamu!
|
MARC
| LEADER | 00000nam a2200000 a 4500 | ||
|---|---|---|---|
| 001 | UCP2783 | ||
| 003 | CL-VaPUC | ||
| 008 | 990531e19700000cl |||||||||||||||||spa|d | ||
| 082 | 0 | 4 | |a 621.3673 |b RAD |2 21 |
| 245 | 1 | 0 | |a Radiografía industrial: examen no destructivo holográfico |
| 300 | |a 160 p | ||
| 942 | |c BK | ||
| 945 | |d 19990531 00:00:00 |a cmena | ||
| 260 | |a Santiago |b Agfa-Gevaert |c 1970 | ||
| 650 | 7 | |a RADIOGRAFIA |2 CL-VaPUC |9 429736 | |
| 650 | 0 | |a Rayos X |9 313670 | |
| 650 | 7 | |a METALURGIA FISICA |2 CL-VaPUC |9 271683 | |
| 650 | 7 | |a RADIACTIVIDAD ARTIFICIAL |2 CL-VaPUC |9 429737 | |
| 583 | |a last modification |c 20171004 01:59:54 |k Rodrigo Vera | ||
| 999 | |c 281255 |d 281253 | ||
| 952 | |0 0 |1 0 |4 0 |6 621_367300000000000_RAD_1970 |7 0 |8 A |9 321947 |a BIBMEC |b BIBMEC |d 2019-11-20 |i 1499947 |o 621.3673 RAD 1970 |p 1499947 |r 2019-11-20 |w 2019-11-20 |y BK |k MEC | ||